[Event "G7-Gruppe 2 2013"]
[Site "Elsinore"]
[Date "2013.03.31"]
[Round "6"]
[White "Strachan, Christian C"]
[Black "Oland, Arne"]
[Result "1/2-1/2"]
[WhiteElo "1826"]
[BlackElo "1925"]
[PlyCount "131"]
[EventDate "2013.??.??"]
[EventType "swiss"]
[EventRounds "7"]
[EventCountry "DEN"]

1. e4 c5 2. c3 d5 3. exd5 Qxd5 4. d4 e6 5. Nf3 Nc6 6. Be2 Nf6 7. Na3 cxd4 8.
Nb5 Qd8 9. Nbxd4 Nxd4 10. Nxd4 Be7 11. O-O O-O 12. Qb3 e5 13. Nf3 Qc7 14. Bg5
h6 15. Bh4 Bf5 16. Bg3 Nd7 17. Rad1 Be6 18. Qc2 Bf6 19. Rfe1 Rfe8 20. Bb5 Re7
21. Bxd7 Bxd7 22. Rd2 Rae8 23. Rde2 Bg4 24. Qe4 Qc8 25. h3 Bf5 26. Qe3 b5 27.
Qd2 Rd8 28. Qc1 e4 29. Nd2 Bg5 30. h4 Bxd2 31. Rxd2 Red7 32. Rde2 Rd3 33. Qf4
Rd1 34. Kh2 Rxe1 35. Rxe1 Rd5 36. Re2 Bg6 37. Qc7 Qg4 38. Re1 Qd7 39. Qxd7 Rxd7
40. Re2 f5 41. Bf4 Bf7 42. a3 Bc4 43. Rd2 Bd3 44. Be3 Kf7 45. Kg3 Ke6 46. f3
Rd5 47. Bd4 g5 48. hxg5 hxg5 49. fxe4 Bxe4 50. Re2 a5 51. Kf2 Rd7 52. g4 Rf7
53. gxf5+ Rxf5+ 54. Ke3 Bf3 55. Rh2 g4 56. Kf2 Kd5 57. Kg3 Kc4 58. Rd2 a4 59.
Bb6 Rd5 60. Rxd5 Kxd5 61. Ba5 Kc4 62. Bb4 Be2 63. Kf2 Bd3 64. Kg3 Bf5 65. Kf4
Be6 66. Kg3 1/2-1/2

[Event "G7-Gruppe 2 2013"]
[Site "Elsinore"]
[Date "2013.03.31"]
[Round "6"]
[White "Hansen, Verner"]
[Black "Markussen, Benno"]
[Result "1-0"]
[WhiteElo "1887"]
[BlackElo "1779"]
[PlyCount "99"]
[EventDate "2013.??.??"]
[EventType "swiss"]
[EventRounds "7"]
[EventCountry "DEN"]

1. e4 c5 2. Nc3 d6 3. d3 Nf6 4. g3 e5 5. Bg2 Bd7 6. Nge2 Nc6 7. O-O Qc8 8. f4
Bg4 9. f5 Nd4 10. h3 Bxe2 11. Nxe2 Nxe2+ 12. Qxe2 Be7 13. c3 h6 14. Be3 Qc7 15.
d4 Nd7 16. Rab1 Bg5 17. Bf2 Bf6 18. Rfd1 exd4 19. cxd4 O-O 20. Rbc1 Rad8 21.
Rc2 b6 22. h4 Nb8 23. Rdc1 Qe7 24. Rd1 Nd7 25. b3 Rc8 26. Qd3 Rfd8 27. Re2 cxd4
28. Bxd4 Ne5 29. Qa6 Rc7 30. Red2 Rdc8 31. Be3 Rc6 32. Rxd6 Rc3 33. Bf4 Qc7 34.
Bxe5 Bxe5 35. Qxc8+ Qxc8 36. Rd8+ Kh7 37. Rxc8 Rxc8 38. g4 Rc2 39. Bf1 Rxa2 40.
Bc4 Bf6 41. Bxf7 Bxh4 42. e5 Re2 43. e6 Re4 44. Bh5 a5 45. Rd7 Re1+ 46. Kg2
Re2+ 47. Kf3 Rc2 48. Rb7 Rc3+ 49. Ke4 Bg5 50. Bg6+ 1-0

[Event "G7-Gruppe 2 2013"]
[Site "Elsinore"]
[Date "2013.03.31"]
[Round "6"]
[White "Borg, Flemming"]
[Black "Hansen, Henrik Damgaard"]
[Result "1/2-1/2"]
[WhiteElo "1784"]
[BlackElo "1801"]
[PlyCount "120"]
[EventDate "2013.??.??"]
[EventType "swiss"]
[EventRounds "7"]
[EventCountry "DEN"]

1. e4 g6 2. d4 Bg7 3. Nc3 d6 4. Be3 a6 5. Qd2 b5 6. f3 Nd7 7. O-O-O Bb7 8. g4
e6 9. h4 h5 10. g5 Ne7 11. Nce2 O-O 12. Ng3 c6 13. Bh3 Nb6 14. N1e2 Nc4 15. Qd3
Nxe3 16. Qxe3 Bc8 17. Rhf1 Qc7 18. f4 f5 19. gxf6 Rxf6 20. f5 exf5 21. exf5
Bxf5 22. Bxf5 Nxf5 23. Nxf5 gxf5 24. Rg1 Qf7 25. Kb1 Kh7 26. Qf3 Bh6 27. Ng3
Rg8 28. Nxh5 Rfg6 29. Rgf1 f4 30. Qe4 d5 31. Qd3 Kh8 32. Rde1 Rg4 33. Re5 Rxh4
34. Rf5 Qg6 35. Nxf4 Qg3 36. Qxg3 Rxg3 37. Nd3 Bg7 38. Nb4 Rxd4 39. Nxc6 Re4
40. Rxd5 Rge3 41. Rd8+ Re8 42. Rxe8+ Rxe8 43. a3 Kg8 44. Ka2 Re6 45. Nb4 Rd6
46. Rf5 Bf6 47. Rc5 Kf7 48. Rc6 Rxc6 49. Nxc6 Ke6 50. b4 Kd6 51. Nb8 a5 52.
bxa5 Bc3 53. a6 Bd4 54. Kb3 Ba7 55. Kb4 Bxb8 56. Kxb5 Ba7 57. a4 Kd5 58. a5 Kd6
59. c4 Kd7 60. c5 Kc7 1/2-1/2

[Event "G7-Gruppe 2 2013"]
[Site "Elsinore"]
[Date "2013.03.31"]
[Round "6"]
[White "Haagen Larsen, Hans"]
[Black "Marshall, Michael"]
[Result "0-1"]
[WhiteElo "1745"]
[BlackElo "1873"]
[PlyCount "88"]
[EventDate "2013.??.??"]
[EventType "swiss"]
[EventRounds "7"]
[EventCountry "DEN"]

1. d4 Nf6 2. Nf3 e6 3. Bf4 c5 4. e3 b6 5. Be2 d5 6. c3 Bd6 7. Ne5 O-O 8. Nd2
Bb7 9. h4 cxd4 10. exd4 Nc6 11. g4 Qc7 12. Qc2 Nxd4 13. Qd3 Nxe2 14. Qxe2 d4
15. Rh3 Nd5 16. Bh2 dxc3 17. Ndc4 cxb2 18. Qxb2 Bb4+ 19. Kf1 Qe7 20. Rc1 Rac8
21. a3 Bc5 22. Nd3 Rfd8 23. Nxc5 Rxc5 24. Ne5 Rxc1+ 25. Qxc1 Rc8 26. Qd2 Qc5
27. f4 Qb5+ 28. Nd3 Qb1+ 29. Ne1 Qe4 30. Qd3 Qxd3+ 31. Rxd3 Ba6 32. Ke2 Bxd3+
33. Kxd3 Rc3+ 34. Kd4 Rh3 35. Bg1 Nxf4 36. Ke4 Ne2 37. Bf2 Rxa3 38. g5 Kf8 39.
Nd3 Ke8 40. Be1 Nc3+ 41. Ke5 Nd5 42. Nf2 Re3+ 43. Kd6 Rxe1 44. Nd3 Rd1 0-1

[Event "G7-Gruppe 2 2013"]
[Site "Elsinore"]
[Date "2013.03.31"]
[Round "6"]
[White "Jacobsen, Mikkel Manosri"]
[Black "Christophersen, David"]
[Result "1-0"]
[WhiteElo "1815"]
[BlackElo "1834"]
[PlyCount "33"]
[EventDate "2013.??.??"]
[EventType "swiss"]
[EventRounds "7"]
[EventCountry "DEN"]

1. d4 d5 2. Bf4 e6 3. e3 Bd6 4. Bg3 Nf6 5. Nf3 Ne4 6. Bd3 Nxg3 7. hxg3 h6 8.
Nbd2 c5 9. c3 Nd7 10. Qe2 c4 11. Bc2 b5 12. e4 dxe4 13. Nxe4 Nf6 14. Nxf6+ Qxf6
15. O-O-O O-O 16. Qe4 Rd8 17. Qxa8 1-0

[Event "G7-Gruppe 2 2013"]
[Site "Elsinore"]
[Date "2013.03.31"]
[Round "6"]
[White "Boe Olsen, Filip"]
[Black "Stochkel, Casper"]
[Result "1-0"]
[WhiteElo "1629"]
[BlackElo "1797"]
[PlyCount "39"]
[EventDate "2013.??.??"]
[EventType "swiss"]
[EventRounds "7"]
[EventCountry "DEN"]

1. d4 Nf6 2. Nf3 e6 3. Bf4 b6 4. e3 Bb7 5. c4 d5 6. Nc3 Ne4 7. Bd3 Bb4 8. Qc2
f5 9. O-O O-O 10. cxd5 exd5 11. Nb5 Na6 12. Bxc7 Nxc7 13. Qxc7 Qxc7 14. Nxc7
Rac8 15. Ne6 Rf6 16. Nf4 Nd2 17. Nxd2 Bxd2 18. Rfd1 Rfc6 19. Rxd2 Rc1+ 20. Rd1
1-0

[Event "G7-Gruppe 2 2013"]
[Site "Elsinore"]
[Date "2013.03.31"]
[Round "6"]
[White "Petersen, Bjarne"]
[Black "Jorgensen, Alexander Torp"]
[Result "0-1"]
[WhiteElo "1797"]
[BlackElo "1673"]
[PlyCount "84"]
[EventDate "2013.??.??"]
[EventType "swiss"]
[EventRounds "7"]
[EventCountry "DEN"]

1. g3 d5 2. Bg2 Nf6 3. c4 e6 4. cxd5 exd5 5. d4 c5 6. Nf3 Nc6 7. Nc3 Bf5 8. O-O
c4 9. Ne5 Be7 10. Nxd5 Nxd5 11. e4 Be6 12. exd5 Bxd5 13. Nxc6 bxc6 14. Re1 O-O
15. Bf4 a5 16. Qc2 Bf6 17. Be5 Bg5 18. Be4 g6 19. h4 Bh6 20. Rad1 f6 21. Bxg6
hxg6 22. Qxg6+ Bg7 23. Bf4 Qd7 24. Kh2 a4 25. Bh6 Qf7 26. Qg4 f5 27. Qg5 Qf6
28. Qxg7+ Qxg7 29. Bxg7 Kxg7 30. Re3 Rfe8 31. a3 Rxe3 32. fxe3 Rb8 33. Rd2 Rb3
34. Rf2 Be4 35. g4 fxg4 36. Rf4 Bf3 37. e4 Rxb2+ 38. Kg1 c3 39. h5 c2 40. h6+
Kxh6 41. Rf6+ Kg7 42. Rxc6 Rb1+ 0-1

[Event "G7-Gruppe 2 2013"]
[Site "Elsinore"]
[Date "2013.04.01"]
[Round "7"]
[White "Thomsen, Kurt"]
[Black "Christophersen, David"]
[Result "1-0"]
[WhiteElo "1940"]
[BlackElo "1834"]
[PlyCount "73"]
[EventDate "2013.??.??"]
[EventType "swiss"]
[EventRounds "7"]
[EventCountry "DEN"]

1. Nf3 Nf6 2. g3 c5 3. Bg2 Nc6 4. d4 d5 5. O-O cxd4 6. Nxd4 e5 7. Nxc6 bxc6 8.
c4 Bb7 9. cxd5 cxd5 10. Nc3 Qd7 11. Bg5 d4 12. Bxf6 Bxg2 13. Kxg2 gxf6 14. Ne4
Be7 15. f3 f5 16. Nf2 h5 17. Qd2 h4 18. Rac1 Rg8 19. Qa5 hxg3 20. hxg3 Bd6 21.
Rfd1 e4 22. Rxd4 Rxg3+ 23. Kf1 Ke7 24. Rcd1 Rag8 25. Ng4 fxg4 26. Rxd6 Rg1+ 27.
Kxg1 gxf3+ 28. Kf2 Rg2+ 29. Ke3 Rxe2+ 30. Kf4 Qxd6+ 31. Rxd6 Kxd6 32. Qxa7 f6
33. b4 Re1 34. Qc5+ Ke6 35. b5 e3 36. Kxf3 e2 37. b6 1-0

[Event "G7-Gruppe 2 2013"]
[Site "Elsinore"]
[Date "2013.04.01"]
[Round "7"]
[White "Hansen, Henrik Damgaard"]
[Black "Hansen, Rasmus Agertoft"]
[Result "0-1"]
[WhiteElo "1801"]
[BlackElo "1985"]
[PlyCount "56"]
[EventDate "2013.??.??"]
[EventType "swiss"]
[EventRounds "7"]
[EventCountry "DEN"]

1. d4 f5 2. c4 Nf6 3. Nc3 d6 4. g3 g6 5. Bg2 Bg7 6. e3 O-O 7. Nge2 Nc6 8. O-O
a6 9. a3 e5 10. d5 Ne7 11. b4 Nh5 12. Qc2 Bd7 13. f4 c6 14. Rd1 g5 15. Ra2 Ng6
16. dxc6 Bxc6 17. Nd5 Rc8 18. Qd2 Ba4 19. Re1 Bb3 20. Rb2 Bxc4 21. fxg5 e4 22.
Nec3 Bd3 23. Ra2 Qxg5 24. Bb2 Ne5 25. Qf2 Ng4 26. Qd2 Be5 27. Ne2 Rc2 28. Qd1
Bxb2 0-1

[Event "G7-Gruppe 2 2013"]
[Site "Elsinore"]
[Date "2013.04.01"]
[Round "7"]
[White "Oland, Arne"]
[Black "Hvid, Jorn Christensen"]
[Result "1-0"]
[WhiteElo "1925"]
[BlackElo "1967"]
[PlyCount "137"]
[EventDate "2013.??.??"]
[EventType "swiss"]
[EventRounds "7"]
[EventCountry "DEN"]

1. e4 e6 2. d4 a6 3. Bd3 b5 4. Nf3 c5 5. c3 Bb7 6. O-O Nf6 7. Qe2 Nc6 8. Bg5 c4
9. Bc2 Be7 10. Nbd2 d5 11. e5 Nd7 12. Bf4 a5 13. b3 Nb6 14. Rfb1 b4 15. bxc4
dxc4 16. Ne4 Nd5 17. Bd2 Ba6 18. Ba4 Rc8 19. cxb4 axb4 20. Nc5 Bxc5 21. dxc5
Qa5 22. Bxc6+ Rxc6 23. Qe4 c3 24. Nd4 Rc8 25. Nb3 Qb5 26. Be3 Qd3 27. Qxd3 Bxd3
28. Rd1 Bc2 29. Rdc1 Nxe3 30. fxe3 Bxb3 31. axb3 O-O 32. Ra5 Rfd8 33. Rb5 Rb8
34. Rxb8 Rxb8 35. Rd1 Rc8 36. Rd4 Kf8 37. Rc4 Ke7 38. Kf2 Kd7 39. Ke2 Rb8 40.
c6+ Kc7 41. Rf4 Kxc6 42. Rxf7 Rd8 43. Rf4 Rd2+ 44. Kf3 Kb5 45. Rf8 c2 46. Rc8
Rd3 47. Rxc2 Rxb3 48. Ke4 Rc3 49. Rd2 Kc4 50. Rd6 b3 51. Rc6+ Kb4 52. Rb6+ Ka3
53. Ra6+ Kb2 54. Rxe6 Kc2 55. Rb6 b2 56. e6 b1=Q 57. Rxb1 Kxb1 58. e7 Rc8 59.
Kd5 Kc2 60. e4 Re8 61. Kd6 Kd3 62. e5 Ke4 63. Kd7 Rxe7+ 64. Kxe7 Kxe5 65. Kf7
g5 66. Kg7 Ke6 67. Kxh7 Kf7 68. Kh6 Kf6 69. g4 1-0

[Event "G7-Gruppe 2 2013"]
[Site "Elsinore"]
[Date "2013.04.01"]
[Round "7"]
[White "Luther, Lasse"]
[Black "Strachan, Christian C"]
[Result "1-0"]
[WhiteElo "1999"]
[BlackElo "1826"]
[PlyCount "66"]
[EventDate "2013.??.??"]
[EventType "swiss"]
[EventRounds "7"]
[EventCountry "DEN"]

1. e4 e6 2. d4 d5 3. Nd2 Nf6 4. e5 Nfd7 5. Bd3 c5 6. c3 Nc6 7. Ne2 cxd4 8. cxd4
Qb6 9. Nf3 Bb4+ 10. Kf1 Nf8 11. h4 Bd7 12. h5 h6 13. Rh3 f5 14. exf6 gxf6 15.
Rg3 Bd6 16. Rg7 O-O-O 17. Nc3 Ne7 18. Qc2 Kb8 19. Be3 Rc8 20. Qe2 a6 21. Kg1
Bc6 22. Nh4 Rc7 23. Rf7 Nd7 24. Ng6 Nxg6 25. hxg6 f5 26. g7 Rg8 27. Bxh6 Qxd4
28. Qxe6 Bc5 29. Qxf5 Rcc8 30. Be3 Qb4 31. Bxc5 Nxc5 32. Rf8 Nxd3 33. Qxc8+ Ka7
1-0

[Event "G7-Gruppe 2 2013"]
[Site "Elsinore"]
[Date "2013.04.01"]
[Round "7"]
[White "Kristensen, Bjarke Hautop"]
[Black "Hansen, Verner"]
[Result "1/2-1/2"]
[WhiteElo "1873"]
[BlackElo "1887"]
[PlyCount "112"]
[EventDate "2013.??.??"]
[EventType "swiss"]
[EventRounds "7"]
[EventCountry "DEN"]

1. c4 e6 2. g3 Nf6 3. Bg2 d5 4. Nf3 Nbd7 5. O-O Be7 6. d3 O-O 7. b3 b6 8. Nbd2
Bb7 9. Qc2 c5 10. e4 d4 11. e5 Ng4 12. h3 Ngxe5 13. Nxe5 Bxg2 14. Nxf7 Rxf7 15.
Kxg2 Qc7 16. Ne4 Raf8 17. Qe2 h6 18. Bd2 Nf6 19. Rae1 Qc6 20. f4 Nd7 21. Kg1 e5
22. Qg4 exf4 23. Bxf4 Nf6 24. Qg6 Qd7 25. Bxh6 Nxe4 26. Rxf7 Rxf7 27. Rxe4 Qxh3
28. Bf4 Bf6 29. Re8+ Rf8 30. Re2 Qh7 31. Qxh7+ Kxh7 32. Kg2 Kg6 33. Kf3 Rf7 34.
Re8 Bg5 35. Re6+ Kh7 36. Kg4 Bxf4 37. gxf4 g6 38. a3 Kg7 39. Rd6 Rf6 40. Rd7+
Rf7 41. Rxf7+ Kxf7 42. Kg5 a6 43. b4 cxb4 44. axb4 a5 45. c5 bxc5 46. bxa5 c4
47. a6 cxd3 48. a7 d2 49. a8=Q d1=Q 50. Qb7+ Ke8 51. Qc8+ Ke7 52. Qc7+ Ke6 53.
Qc6+ Ke7 54. Qc7+ Ke6 55. Qc6+ Ke7 56. Qc7+ Ke6 1/2-1/2

[Event "G7-Gruppe 2 2013"]
[Site "Elsinore"]
[Date "2013.04.01"]
[Round "7"]
[White "Stochkel, Casper"]
[Black "Jensen, Tommy"]
[Result "0-1"]
[WhiteElo "1797"]
[BlackElo "1904"]
[PlyCount "72"]
[EventDate "2013.??.??"]
[EventType "swiss"]
[EventRounds "7"]
[EventCountry "DEN"]

1. c4 d6 2. Nf3 c6 3. Nc3 g6 4. g3 Bg7 5. Bg2 Nf6 6. O-O O-O 7. d3 e5 8. Bd2
Re8 9. Rb1 Nbd7 10. b4 h6 11. b5 c5 12. Qc2 Nf8 13. a4 Rb8 14. Rfe1 Ne6 15. Nd5
Nxd5 16. cxd5 Nd4 17. Qc4 Nxf3+ 18. Bxf3 b6 19. e4 Rf8 20. a5 Bh3 21. Ra1 Qd7
22. Reb1 f5 23. axb6 axb6 24. Bg2 f4 25. f3 fxg3 26. hxg3 Bxg2 27. Kxg2 Rf6 28.
Rf1 Rbf8 29. Rf2 Qf7 30. Raf1 g5 31. Qa4 Qg6 32. Bc3 h5 33. Qa7 h4 34. Qxb6
hxg3 35. Kxg3 Qh5 36. Kg2 Rh6 0-1

[Event "G7-Gruppe 2 2013"]
[Site "Elsinore"]
[Date "2013.04.01"]
[Round "7"]
[White "Marshall, Michael"]
[Black "Borg, Flemming"]
[Result "0-1"]
[WhiteElo "1873"]
[BlackElo "1784"]
[PlyCount "164"]
[EventDate "2013.??.??"]
[EventType "swiss"]
[EventRounds "7"]
[EventCountry "DEN"]

1. c4 d6 2. g3 e5 3. Bg2 c6 4. d4 Nd7 5. Nc3 Ngf6 6. Nf3 Be7 7. e4 Qc7 8. h3
Nf8 9. Be3 Ng6 10. O-O h5 11. h4 Ng4 12. Bg5 O-O 13. Bxe7 Qxe7 14. b4 f5 15.
exf5 Bxf5 16. b5 Be6 17. d5 Bd7 18. Ng5 c5 19. Qe2 Nh8 20. Rae1 Nf7 21. Nce4
Nxg5 22. Nxg5 g6 23. f4 Rae8 24. a4 Qg7 25. Ne6 Bxe6 26. dxe6 exf4 27. e7 Rf5
28. Qe6+ Kh7 29. Qxd6 Ne3 30. Rf3 Qxe7 31. Qxe7+ Rxe7 32. gxf4 Nd5 33. Rxe7+
Nxe7 34. Kf2 Rf7 35. Bh3 Ng8 36. f5 Ne7 37. fxg6+ Kxg6 38. Rxf7 Kxf7 39. Kg3 b6
40. Kf4 Kf6 41. Bf1 Ng6+ 42. Kg3 Ke5 43. Be2 Nf4 44. Bf3 Kf5 45. Bd1 Ke4 46.
Bf3+ Ke3 47. Bd1 Ne2+ 48. Bxe2 Kxe2 49. Kf4 Kd3 50. Kg5 Kxc4 51. Kxh5 Kb3 52.
Kg6 c4 53. h5 c3 54. h6 c2 55. h7 c1=Q 56. h8=Q Qc2+ 57. Kf7 Qc4+ 58. Kg6 Qe6+
59. Kg5 Kxa4 60. Qa1+ Kxb5 61. Qxa7 Qe3+ 62. Kf5 Kb4 63. Qa2 Qc5+ 64. Kf6 b5
65. Qb2+ Ka4 66. Ke6 Qc4+ 67. Ke5 b4 68. Kd6 Qd3+ 69. Ke7 b3 70. Ke6 Kb4 71.
Qg2 Qa6+ 72. Ke5 Qb5+ 73. Kf4 Ka3 74. Qf3 Qb4+ 75. Kg3 Kb2 76. Qd1 Qc3+ 77. Kg4
Ka2 78. Qe2+ b2 79. Qa6+ Qa3 80. Qe2 Qc3 81. Kf5 Qa5+ 82. Kg4 Ka1 0-1

[Event "G7-Gruppe 2 2013"]
[Site "Elsinore"]
[Date "2013.04.01"]
[Round "7"]
[White "Jorgensen, Alexander Torp"]
[Black "Jacobsen, Mikkel Manosri"]
[Result "0-1"]
[WhiteElo "1673"]
[BlackElo "1815"]
[PlyCount "42"]
[EventDate "2013.??.??"]
[EventType "swiss"]
[EventRounds "7"]
[EventCountry "DEN"]

1. e4 c6 2. d4 d5 3. e5 Bf5 4. Nc3 e6 5. Nf3 Nd7 6. Be2 Ne7 7. h4 c5 8. Bf4 a6
9. Qd2 Nc6 10. O-O-O c4 11. Ng5 h6 12. g4 Bg6 13. Nf3 b5 14. g5 h5 15. a3 b4
16. Nb1 Qa5 17. axb4 Nxb4 18. Na3 Na2+ 19. Kb1 c3 20. Qe1 Bxa3 21. b3 Bb2 0-1

[Event "G7-Gruppe 2 2013"]
[Site "Elsinore"]
[Date "2013.04.01"]
[Round "7"]
[White "Markussen, Benno"]
[Black "Boe Olsen, Filip"]
[Result "1/2-1/2"]
[WhiteElo "1779"]
[BlackElo "1629"]
[PlyCount "53"]
[EventDate "2013.??.??"]
[EventType "swiss"]
[EventRounds "7"]
[EventCountry "DEN"]

1. c4 c6 2. Nc3 d5 3. cxd5 cxd5 4. d4 Nf6 5. Nf3 e6 6. a3 Nc6 7. e3 Bd6 8. Bd3
Bd7 9. Bd2 Rc8 10. Qe2 Na5 11. e4 dxe4 12. Nxe4 Nxe4 13. Bxe4 Nb3 14. Rb1 Nxd2
15. Qxd2 Bc6 16. Bxc6+ Rxc6 17. O-O Bc7 18. Rfe1 O-O 19. Re4 f6 20. Qe2 Qd7 21.
Re1 Kf7 22. Rh4 h6 23. Re4 Bb6 24. Qb5 Rd8 25. Qh5+ Kg8 26. Qh3 Kf7 27. Qh5+
1/2-1/2

[Event "G7-Gruppe 2 2013"]
[Site "Elsinore"]
[Date "2013.04.01"]
[Round "7"]
[White "Petersen, Bjarne"]
[Black "Haagen Larsen, Hans"]
[Result "0-1"]
[WhiteElo "1797"]
[BlackElo "1745"]
[PlyCount "66"]
[EventDate "2013.??.??"]
[EventType "swiss"]
[EventRounds "7"]
[EventCountry "DEN"]

1. g3 d6 2. Bg2 g6 3. c4 Nc6 4. Nc3 Bg7 5. d3 e5 6. e4 Nge7 7. Be3 Bd7 8. Nge2
f5 9. Qd2 O-O 10. Bh6 a5 11. a4 Nb4 12. O-O-O Qe8 13. b3 c6 14. Bxg7 Kxg7 15.
h4 h5 16. f3 b5 17. Qb2 bxa4 18. Nxa4 c5 19. Nb6 Ra6 20. Nxd7 Qxd7 21. Nc3 a4
22. Nxa4 Rxa4 23. bxa4 Ra8 24. Kd2 Nec6 25. f4 Rb8 26. Qa1 Nd4 27. Rb1 fxe4 28.
Bh3 Qf7 29. Rxb4 Rxb4 30. Rb1 e3+ 31. Kc3 Qb7 32. Qa3 Rxb1 33. Qa1 Rb2 0-1